000 00542nam a2200169Ia 4500
005 20250409165312.0
008 231217s9999 xx 000 0 und d
020 _a9788126543700
082 _a001.42 ETH;1
100 _aEthridge, Don.
245 0 _aResearch methodology in applied economics : organizing planning and conducting economic research
250 _a2nd ed.
260 _c2004
_bJohn wiley and sons
_aNew Delhi
300 _axii, 248
650 _amethodology,economics,organizing,planning,conducting,economic
942 _cAA
999 _c195922
_d195922